Educational psychology, 2nd revised edition : (Record no. 343813)
[ view plain ]
| 000 -LEADER | |
|---|---|
| fixed length control field | 00657 a2200181 4500 |
| 020 ## - INTERNATIONAL STANDARD BOOK NUMBER | |
| International Standard Book Number | 0072981423 |
| 020 ## - INTERNATIONAL STANDARD BOOK NUMBER | |
| International Standard Book Number | 9780072981421 |
| 090 ## - LOCALLY ASSIGNED LC-TYPE CALL NUMBER (OCLC); LOCAL CALL NUMBER (RLIN) | |
| -- | 1289 |
| -- | 1289 |
| 100 1# - MAIN ENTRY--PERSONAL NAME | |
| Personal name | Santrock, John W. |
| 245 10 - TITLE STATEMENT | |
| Title | Educational psychology, 2nd revised edition : |
| Remainder of title | classroom update preparing for praxis and Practice |
| Statement of responsibility, etc. | John W. Santrock. |
| 250 ## - EDITION STATEMENT | |
| Edition statement | 2nd ed. |
| 260 ## - PUBLICATION, DISTRIBUTION, ETC. | |
| Place of publication, distribution, etc. | [S.l.] : |
| Name of publisher, distributor, etc. | McGraw-Hill, |
| Date of publication, distribution, etc. | 2006. |
| 300 ## - PHYSICAL DESCRIPTION | |
| Extent | 450 p. |
| 500 ## - GENERAL NOTE | |
| General note | Paperback. |
| 856 40 - ELECTRONIC LOCATION AND ACCESS | |
| Materials specified | Amazon.com |
| Uniform Resource Identifier | <a href="http://www.amazon.com/exec/obidos/ASIN/0072981423/chopaconline-20">http://www.amazon.com/exec/obidos/ASIN/0072981423/chopaconline-20</a> |
| 856 40 - ELECTRONIC LOCATION AND ACCESS | |
| Materials specified | Amazon customer reviews |
| Uniform Resource Identifier | <a href="http://www.chopac.org/cgi-bin/tools/azrev.pl?q=0072981423">http://www.chopac.org/cgi-bin/tools/azrev.pl?q=0072981423</a> |
| 942 ## - ADDED ENTRY ELEMENTS (KOHA) | |
| Institution code [OBSOLETE] | NBS |
| Koha item type | Book |
| Call number prefix | 370.15 SAN |
| Withdrawn status | Lost status | Damaged status | Not for loan | Permanent Location | Current Location | Date acquired | Total Checkouts | Full call number | Barcode | Checked out | Date last seen | Date last checked out | Price effective from | Koha item type |
|---|---|---|---|---|---|---|---|---|---|---|---|---|---|---|
| Central Library (CL) | Central Library (CL) | 08/28/2013 | 2 | 370.15 SAN | NBSD-742 | 12/08/2019 | 11/08/2019 | 11/08/2019 | 08/28/2013 | Book | ||||
| Central Library (CL) | Central Library (CL) | 08/28/2013 | 370.15 SAN | NBSD-743 | 08/28/2013 | 08/28/2013 | Book | |||||||
| Central Library (CL) | Central Library (CL) | 08/28/2013 | 1 | 370.15 SAN | NBSD-744 | 11/23/2017 | 08/23/2017 | 08/28/2013 | Book |
